| 000 | 01220nam a22001577a 4500 | ||
|---|---|---|---|
| 041 | _aukr | ||
| 080 | _a09 | ||
| 090 | _bМІЩ | ||
| 100 | _aМіщук О. Ф. | ||
| 245 | _aОсобливості невербальної комунікації чоловіків та жінок | ||
| 260 |
_aОстрог _bКАФ _c2003 |
||
| 300 | _a41 | ||
| 520 |
_aРозділ 1. Відмінності невербальних форм спілкування чоловіків та жінок.
1.1. Біологічний фактор як чинник у спілкуванні чоловіків та жінок.
1.2. Соціокультурні фактори гендерного підходу до спілкування.
1.3. Міміка та жести.
1.4. Стиль поведінки та презентації.
Розділ 2. Рід як лінгвістичний маркер у спілкуванні.
2.1. Фонетичні відмінності між гендерами.
2.2. Інтеракція чоловіків та жінок: відмінності та їх причини. _0Спілкування, невербальність, гендер. |
||
| 650 | _aResearch Papers | ||
| 999 |
_c281820 _d281820 |
||
| 942 | _cBK | ||